00325nam a2200121Ia 4500008004100000041000800041082001200049100002200061245004500083260004000128300002400168365001100192240624s9999 xx 000 0 und d aeng a828 GOO aGOOPTU SHARMISTHA aFLASHBACK 175 YEARS OF ENTERTAINMENT ENT c2013aNew DelhibThe Times of India a223 : p. : cm. ; 28 cRSb25